Tout cramer, Solann paroles - Statistiques

Statistiques générales
  • Ce quiz a été pris 33 fois
  • Le résultat moyen est 251 sur 337
Statistiques - réponses
Réponse % Correct
m'a
100%
ma
100%
mais
100%
oui
100%
Oui
100%
tout
100%
à
93%
a
93%
cramer
93%
Faudrait
93%
faudrait
93%
La
93%
93%
la
93%
le
93%
Le
93%
les
93%
Les
93%
de
87%
est
87%
Et
87%
et
87%
moi
87%
On
87%
on
87%
que
87%
C'est
80%
c'est
80%
des
80%
j'ai
80%
J'ai
80%
me
80%
pas
80%
Pas
80%
seule
80%
toute
80%
ça
73%
dit
73%
en
73%
J'suis
73%
j'suis
73%
j'vois
73%
pour
73%
qu'ça
73%
qui
73%
tu
73%
vouloir
73%
comme
67%
dans
67%
départ
67%
d'un
67%
l'autre
67%
l'fond
67%
l'top
67%
mes
67%
moment
67%
m'sauver
67%
pulsion
67%
quoi
67%
redémarre
67%
toucher
67%
un
67%
vie
67%
block
60%
fait
60%
fourmis
60%
gueule
60%
ici
60%
jambes
60%
même
60%
Mentalité
60%
part
60%
rat
60%
tête
60%
Une
60%
y
60%
Attends
53%
attends
53%
au
53%
désespérée
53%
d'être
53%
d'la
53%
inévitable
53%
jour
53%
j'resterai
53%
ligne
53%
main
53%
m'diras
53%
pied
53%
plus
53%
répète
53%
sait
53%
Sauf
53%
starting
53%
sur
53%
temps
53%
vers
53%
belles
47%
bouger
47%
buée
47%
ciel
47%
coincée
47%
conséquence
47%
coup
47%
démarrer
47%
d'feu
47%
d'indices
47%
Éventuellement
47%
fumée
47%
interpréter
47%
j'me
47%
J'veux
47%
mâchoire
47%
m'faire
47%
n'importe
47%
poche
47%
promesses
47%
quelques
47%
qu'sa
47%
recherche
47%
remue
47%
satisfaction
47%
serrée
47%
s'éternise
47%
signal
47%
spleen
47%
tics
47%
trip
47%
tripes
47%
vent
47%
yeux
47%
autour
40%
corneilles
40%
d'l'immédiat
40%
feuilles
40%
j'guette
40%
Lignes
40%
l'instant
40%
l'mouvement
40%
personne
40%
possible
40%
p'tite
40%
soi
40%
s'sauver
40%
thé
40%
voix
40%
assez
33%
bad
33%
légion
33%
n'a
33%
planer
33%
brume
27%
J'crois
27%
qu'c'est
27%
Aucun quiz correspondant
Distribution des résultats
% des personnes avec chaque résultat
Percentile par nombre de réponses
Votre historique - résultats
Vous n’avez pas pris ce quiz